Jazvečík Santom /
Jazvečík Stanley sa už nevie dočkať, ako strávi svoje prvé Vianoce s novou rodinou. Dokonca mu neprekáža ani mrzutá mačka Cleo. Keď mu však Cleo povie, že Santa zvieratám darčeky nenosí, šteniatko sa rozhodne vziať veci do vlastných labiek. Zmení sa na Santu a rozhodne sa svojim zvieracím kamarátom...
Uloženo v:
| Hlavní autor: | |
|---|---|
| Médium: | E-kniha |
| Jazyk: | Czech |
| Vydáno: |
Praha :
Albatros Media Slovakia s.r.o.,
2025
|
| Tagy: |
Žádné tagy |
| LEADER | 01364nam a22002297i 4500 | ||
|---|---|---|---|
| 001 | 302703 | ||
| 007 | ta | ||
| 008 | 260514s2025 xr ||||| |||| 00| 0 cze d | ||
| 020 | |a 9788056648162 | ||
| 044 | |a xr | ||
| 100 | 1 | |a Swift, Bella |4 aut | |
| 245 | 1 | 0 | |a Jazvečík Santom / |c Swift, Bella |
| 240 | 1 | 0 | |a Sausage Dog Santa |
| 264 | 1 | |a Praha : |b Albatros Media Slovakia s.r.o., |c 2025 | |
| 300 | |a 1 online zdroj (152 stran) | ||
| 336 | |a text |b txt |2 rdacontent | ||
| 337 | |a bez média |b n |2 rdamedia | ||
| 338 | |a online zdroj |b cr |2 rdacarrier | ||
| 520 | 2 | |a Jazvečík Stanley sa už nevie dočkať, ako strávi svoje prvé Vianoce s novou rodinou. Dokonca mu neprekáža ani mrzutá mačka Cleo. Keď mu však Cleo povie, že Santa zvieratám darčeky nenosí, šteniatko sa rozhodne vziať veci do vlastných labiek. Zmení sa na Santu a rozhodne sa svojim zvieracím kamarátom splniť všetky vianočné priania! Nič preňho nie je nemožné... No kto splní vianočné želanie Stanleymu? | |
| 910 | |a RBIT002 | ||
| 998 | |d 426960 |a https://core.palmknihy.cz/api/books/426960/cover?tesgi3 |b https://core.palmknihy.cz/api/books/426960/cover/400?tesgi3 |c https://core.palmknihy.cz/api/books/426960/cover/50?tesgi3 |e 2030-07-15 |g 152 |i 9788056648162 |k https://core.palmknihy.cz/api/books/426960/preview.pdf |l |q 49 |r 1 |s https://www.palmknihy.cz/kniha/426960 |t ebook |y 2025 |z 1 | ||
| 999 | |d 302701 | ||